| 000 | 00694nam a2200205Ia 4500 | ||
|---|---|---|---|
| 003 | IN-BaIIA | ||
| 008 | 211028s9999 xx 000 0 eng d | ||
| 020 | _a0-713-99878-4 | ||
| 040 | _cIIA Library | ||
| 080 |
_a330 _bFRI |
||
| 100 |
_aFriedman, T. L. _929755 |
||
| 245 | 4 |
_aThe world is flat _ba brief history of the globalized world in the 21st century _cT. L. Friedman |
|
| 260 |
_aLondon _bPenguin Books _c2005 |
||
| 300 | _aviii, 488p. | ||
| 650 |
_aDiffusion of Innovations _929756 |
||
| 650 |
_aGlobalisation -Economic Aspect _929757 |
||
| 650 |
_aGlobalization-Social Aspect _929758 |
||
| 650 |
_aInformation Society _929759 |
||
| 942 | _cBK | ||
| 999 |
_c16089 _d16089 |
||